The official ACT prep guide : The only official prep guide from the makers of the ACT

he book contains information on how to register for the exam, proven test-taking strategies, ideas for preparing mentally and physically, gearing up for test day, and much more. This invaluable guide includes additional questions and material that contains articles on everything from preparing a sta...

Celý popis

Uloženo v:
Podrobná bibliografie
Médium: Kniha
Jazyk:Undetermined
Vydáno: New Jersey Wiley 2017
Témata:
Tagy: Přidat tag
Žádné tagy, Buďte první, kdo otaguje tento záznam!
Thư viện lưu trữ: Trung tâm Học liệu Trường Đại học Cần Thơ
LEADER 00981nam a2200181Ia 4500
001 CTU_226077
008 210402s9999 xx 000 0 und d
082 |a 378.1664 
082 |b O.32 
245 4 |a The official ACT prep guide : 
245 4 |b The only official prep guide from the makers of the ACT 
260 |a New Jersey 
260 |b Wiley 
260 |c 2017 
520 |a he book contains information on how to register for the exam, proven test-taking strategies, ideas for preparing mentally and physically, gearing up for test day, and much more. This invaluable guide includes additional questions and material that contains articles on everything from preparing a standout college application and getting into your top-choice school to succeeding in college 
650 |a Đánh giá ACT,ACT Assessment,College entrance achievement tests,Thi tuyển sinh đại học 
650 |z United States,Hoa Kỳ 
980 |a Trung tâm Học liệu Trường Đại học Cần Thơ